000 nam a22 a 4500
999 _c428358
_d428358
003 BLK
005 20210813113402.0
008 210812b bu |||||r|||| 00| | bu d
040 _aBLK
041 _aRUS
_cRUS
080 _aРуска литература
_b821.161.1
_x(081)
_z821.161.1(081)
080 _aРуска литература
_b821.161.1
_x-2
_z821.161.1-2
100 _9365685
_aТургенев, Иван Сергеевич
_eпърви автор
139 _a Тургенев, Иван Сергеевич
245 _aПолное собрание сочинений И. С. Тургенева
_c Иван Сергеевич Тургенев
_nТ.9
250 _a3-е изд.
260 _9217434
_aСанкт-Петербург
_bтипогр. Ивана Глазунова
_c1891
300 _c22 см
380 _aX
490 _9435080
_aКолекция Редки и ценни издания
760 _aТургенев, Иван Сергеевич
_dСанкт-Петербург : Тип. Глазунова, 1891
_h698 с.
_oТ.9
852 _aРр 891
_bРц
942 _cKNG
_n0
_s1
944 _aCR
_c2021-08-12
_kМикаела Микова-Илиева
_l2021-08-12
999 _d428358
999 _d428089
999 _d428089
999 _d428089
999 _d428084